[Event "Athens Papanastasio op 13th"]
[Site "Athens"]
[Date "2023.09.14"]
[Round "4"]
[White "Mavroudis, Dionisios"]
[Black "Katsogiannis, Rafail"]
[Result "1-0"]
[WhiteElo "1441"]
[BlackElo "1111"]
[PlyCount "76"]
[EventDate "2023.09.11"]
[EventType "swiss"]
[EventRounds "7"]
[EventCountry "GRE"]
[SourceTitle "EXT 2024"]
[Source "ChessBase"]
[SourceDate "2023.10.10"]
[SourceVersion "1"]
[SourceVersionDate "2023.10.10"]
[SourceQuality "1"]

1. e4 c6 2. d4 d5 3. f3 dxe4 4. fxe4 e5 5. Nf3 exd4 6. Bc4 f6 7. 0-0 Bg4 8. c3 dxc3 9. Qb3 Qb6+ 10. Qxb6 axb6 11. Nxc3 Bxf3 12. Rxf3 Bc5+ 13. Kh1 Nd7 14. Bf4 Bd4 15. Re1 Ne5 16. Bxe5 Bxe5 17. Bb3 0-0-0 18. Na4 Kc7 19. h4 Nh6 20. g4 Rd2 21. g5 Ng4 22. gxf6 gxf6 23. Be6 Nf2+ 24. Kg1 Nd3 25. Rb1 Nxb2 26. Nxb2 Bxb2 27. Rg3 Re8 28. Rg7+ Kd6 29. Rd7+ Kxe6 30. Rxd2 Bc3 31. Rd3 Rg8+ 32. Kf2 Ba5 33. Kf3 h5 34. Rbd1 Rg4 35. Rd6+ Ke5 36. Rd7 Bb4 37. Rd8 Rf4+ 38. Kg3 Kxe4 1-0

[Event "Athens Papanastasio op 13th"]
[Site "Athens"]
[Date "2023.09.13"]
[Round "3"]
[White "Masa, Alexandros"]
[Black "Mavroudis, Dionisios"]
[Result "1-0"]
[WhiteElo "1568"]
[BlackElo "1441"]
[PlyCount "107"]
[EventDate "2023.09.11"]
[EventType "swiss"]
[EventRounds "7"]
[EventCountry "GRE"]
[SourceTitle "EXT 2024"]
[Source "ChessBase"]
[SourceDate "2023.10.10"]
[SourceVersion "1"]
[SourceVersionDate "2023.10.10"]
[SourceQuality "1"]

1. e4 e5 2. Nf3 Nc6 3. Bb5 Nd4 4. Bc4 b5 5. Bd3 Nxf3+ 6. Qxf3 a6 7. a4 b4 8. Bc4 Qf6 9. Qb3 Bc5 10. 0-0 Ne7 11. c3 a5 12. d3 0-0 13. Be3 Bd6 14. d4 Qh4 15. dxe5 Bxe5 16. f4 Ba6 17. Bxa6 Rxa6 18. fxe5 Qxe4 19. Bd4 Rg6 20. g3 Nf5 21. Rxf5 Qxf5 22. Nd2 Qd3 23. Rd1 h5 24. Nf1 Qf3 25. Rd2 d6 26. Rf2 Qd3 27. exd6 cxd6 28. Qc2 Qc4 29. Ne3 Qe6 30. Qf5 Qb3 31. Qxa5 bxc3 32. Qxc3 Qxa4 33. Nf5 Qd1+ 34. Rf1 Qe2 35. Re1 Qg4 36. Ne7+ Kh7 37. Nxg6 fxg6 38. Bxg7 Rf7 39. Bd4 h4 40. Qe3 hxg3 41. hxg3 Qf5 42. Kg2 Qc2+ 43. Qe2 Qc6+ 44. Qe4 Qxe4+ 45. Rxe4 g5 46. Re6 Rd7 47. Kf3 d5 48. Kg4 Rc7 49. Kxg5 Rc4 50. Re7+ Kg8 51. Bf6 Kf8 52. Rb7 Ke8 53. Kf5 d4 54. Ke4 1-0

[Event "Petroupoli-ch"]
[Site "Petropouli"]
[Date "2014.03.01"]
[Round "6"]
[White "Agriopoulos, Konstantinos"]
[Black "Mavroudis, Dionisios"]
[Result "1-0"]
[WhiteElo "1274"]
[BlackElo "1568"]
[PlyCount "63"]
[EventDate "2014.01.25"]
[EventType "swiss"]
[EventRounds "7"]
[EventCountry "GRE"]
[SourceTitle "EXT 2015"]
[Source "ChessBase"]
[SourceDate "2014.11.20"]
[SourceVersion "1"]
[SourceVersionDate "2014.11.20"]
[SourceQuality "1"]

1. e4 b6 2. d4 e6 3. Bd3 Bb7 4. c3 c5 5. Ne2 Qc7 6. Bf4 d6 7. 0-0 Nf6 8. Nd2 Be7 9. Bg5 h6 10. Bh4 Nbd7 11. f4 Ng4 12. Bf2 g5 13. h3 Nxf2 14. Rxf2 gxf4 15. Nxf4 Bg5 16. Qh5 Nf6 17. Nxe6 Nxh5 18. Nxc7+ Ke7 19. Nxa8 Be3 20. Nc7 Nf4 21. Bc4 Rg8 22. Kf1 Bxf2 23. Kxf2 Rxg2+ 24. Ke3 Nxh3 25. Nd5+ Kd7 26. Rf1 Ng5 27. Nf6+ Kd8 28. Ng8 Nxe4 29. Nxe4 d5 30. Nd6 Rxg8 31. Nxb7+ Kc8 32. Bxd5 1-0

[Event "Petroupoli ASOP Dias Seniors op"]
[Site "Petroupoli"]
[Date "2013.04.20"]
[Round "4.7"]
[White "Abelakiotis, Stavros"]
[Black "Mavroudis, Dionisios"]
[Result "1-0"]
[WhiteElo "1378"]
[BlackElo "1589"]
[PlyCount "63"]
[EventDate "2013.03.30"]
[EventType "swiss"]
[EventRounds "7"]
[EventCountry "GRE"]
[SourceTitle "EXT 2024"]
[Source "ChessBase"]
[SourceDate "2023.10.10"]
[SourceVersion "1"]
[SourceVersionDate "2023.10.10"]
[SourceQuality "1"]

1. e4 b6 2. d4 e6 3. Bd3 Bb7 4. Ne2 c5 5. c3 f5 6. Ng3 cxd4 7. cxd4 Bb4+ 8. Bd2 Bxd2+ 9. Nxd2 Qe7 10. 0-0 f4 11. Nh5 Qf7 12. Nc4 Ke7 13. Qf3 Nc6 14. e5 Nxd4 15. Qxb7 Qxh5 16. Qxa8 f3 17. Be4 fxg2 18. Bxg2 Qg4 19. Qe4 Ne2+ 20. Kh1 Nf4 21. Qf3 Qh5 22. Qg3 Qh6 23. Rfe1 g5 24. Nd6 Qg6 25. Qa3 h5 26. Be4 Rh6 27. Bxg6 Rxg6 28. Qxa7 Nh6 29. f3 g4 30. Qa3 Nh3 31. Nf5+ Kd8 32. Nxh6 1-0

[Event "Petroupoli ASOP Dias Seniors op"]
[Site "Petroupoli"]
[Date "2013.02.02"]
[Round "3.8"]
[White "Mavroudis, Dionisios"]
[Black "Bardis, Harilaos Panagiotis"]
[Result "1-0"]
[WhiteElo "1589"]
[BlackElo "1333"]
[PlyCount "51"]
[EventDate "2013.01.19"]
[EventType "swiss"]
[EventRounds "7"]
[EventCountry "GRE"]
[SourceTitle "EXT 2024"]
[Source "ChessBase"]
[SourceDate "2023.10.10"]
[SourceVersion "1"]
[SourceVersionDate "2023.10.10"]
[SourceQuality "1"]

1. e4 e5 2. Nf3 Nc6 3. Nc3 Nf6 4. d4 exd4 5. Nxd4 Bb4 6. Nxc6 bxc6 7. Qd4 Qe7 8. f3 0-0 9. Bd2 Rb8 10. 0-0-0 Ba3 11. Na4 c5 12. Qe3 Bb4 13. c3 Ba5 14. Qxc5 Qxc5 15. Nxc5 d6 16. Nb3 Bb6 17. Nd4 Bxd4 18. cxd4 Re8 19. Ba5 Re7 20. h4 c6 21. Rd2 Be6 22. b3 d5 23. e5 Nd7 24. Bc7 Rc8 25. Bd6 Ree8 26. Ba6 1-0

[Event "Petroupoli ASOP Dias Seniors op"]
[Site "Petroupoli"]
[Date "2013.01.26"]
[Round "2.13"]
[White "Xenaki, Despoina"]
[Black "Mavroudis, Dionisios"]
[Result "0-1"]
[WhiteElo "1195"]
[BlackElo "1589"]
[PlyCount "86"]
[EventDate "2013.01.19"]
[EventType "swiss"]
[EventRounds "7"]
[EventCountry "GRE"]
[SourceTitle "EXT 2024"]
[Source "ChessBase"]
[SourceDate "2023.10.10"]
[SourceVersion "1"]
[SourceVersionDate "2023.10.10"]
[SourceQuality "1"]

1. e4 b6 2. d4 e6 3. Bd3 Bb7 4. Nc3 Nf6 5. f3 c5 6. Nge2 cxd4 7. Nxd4 a6 8. Be3 d5 9. e5 Nbd7 10. f4 b5 11. 0-0 Nc5 12. Qf3 Nxd3 13. cxd3 Nd7 14. Rac1 Rc8 15. a3 Be7 16. Bf2 0-0 17. Rce1 b4 18. Nb1 bxa3 19. bxa3 Qa5 20. f5 exf5 21. Qxf5 Nc5 22. Nd2 Qxd2 23. Rd1 Qg5 24. Bg3 g6 25. Qf3 Ne6 26. Ne2 Bxa3 27. h4 Qe7 28. d4 a5 29. Nf4 Nxf4 30. Qxf4 Ba6 31. Rfe1 Bb4 32. Re3 Rc3 33. Bf2 Rfc8 34. Qf3 Rxe3 35. Bxe3 Qxh4 36. Bf2 Qe4 37. Qh3 Rc3 38. Bg3 Be2 39. Ra1 Qxd4+ 40. Kh2 Rxg3 41. Qxg3 Qxa1 42. Qg4 Qxe5+ 43. Qg3 h5 0-1

[Event "Petroupoli op 10th"]
[Site "Petroupoli"]
[Date "2012.10.20"]
[Round "5"]
[White "Mavroudis, Dionisios"]
[Black "Pavlis, Antonios"]
[Result "0-1"]
[WhiteElo "1594"]
[BlackElo "1786"]
[PlyCount "92"]
[EventDate "2012.10.06"]
[EventType "swiss"]
[EventRounds "7"]
[EventCountry "GRE"]
[SourceTitle "EXT 2013"]
[Source "ChessBase"]
[SourceDate "2012.11.22"]
[SourceVersion "1"]
[SourceVersionDate "2012.11.22"]
[SourceQuality "1"]

1. c3 e5 2. e4 d5 3. Qc2 Nf6 4. d3 Bc5 5. b4 Bb6 6. Nf3 Ng4 7. d4 dxe4 8. Nxe5 Nxe5 9. dxe5 0-0 10. Qxe4 Nc6 11. f4 g6 12. Qd3 Nxb4 13. cxb4 Qxd3 14. Bxd3 Bd4 15. Bd2 Bxa1 16. Na3 Bg4 17. h3 Rad8 18. Be4 Rd4 19. Bc2 Rfd8 20. hxg4 Rxd2 21. Bb3 Rxg2 22. Nb5 c6 23. Nd6 Bc3+ 24. Kf1 Rb2 25. Rh3 Bxb4 26. Nxf7 Rb1+ 27. Ke2 Rd2+ 28. Ke3 Re1+ 29. Kf3 Rd3+ 30. Kg2 Rxh3 31. Ng5+ Rxb3 32. axb3 Bd2 33. Nf3 Re3 34. Ng1 Rxb3 35. Ne2 Re3 36. Nd4 Re4 37. Ne6 Bxf4 38. Kf3 Kf7 39. Nd8+ Ke7 40. Nxb7 Rb4 41. Na5 Kd7 42. e6+ Kxe6 43. Nxc6 Ra4 44. Nd8+ Ke7 45. Nb7 Bd6 46. g5 Kd7 0-1

[Event "Petroupoli op 10th"]
[Site "Petroupoli"]
[Date "2012.10.13"]
[Round "3"]
[White "Mavroudis, Dionisios"]
[Black "Kontogiannis, Alexandros L"]
[Result "1-0"]
[WhiteElo "1594"]
[BlackElo "1426"]
[PlyCount "68"]
[EventDate "2012.10.06"]
[EventType "swiss"]
[EventRounds "7"]
[EventCountry "GRE"]
[SourceTitle "EXT 2013"]
[Source "ChessBase"]
[SourceDate "2012.11.22"]
[SourceVersion "1"]
[SourceVersionDate "2012.11.22"]
[SourceQuality "1"]

1. e4 c5 2. c3 d6 3. Nf3 g6 4. d4 cxd4 5. cxd4 Bg7 6. Bc4 Nf6 7. Nc3 a6 8. 0-0 b5 9. Bd3 Bb7 10. e5 dxe5 11. dxe5 Nd5 12. Ne4 Qb6 13. a4 Nd7 14. axb5 Nxe5 15. Nxe5 Bxe5 16. bxa6 0-0 17. Bh6 Nb4 18. Bxf8 Kxf8 19. axb7 Rxa1 20. Qxa1 Nxd3 21. Qa8+ Kg7 22. b8Q Bxb8 23. Qd5 Nxb2 24. Qc5 Qb7 25. Qc3+ f6 26. Nc5 Qb6 27. Nd7 Na4 28. Qa3 Qd6 29. Qxd6 Bxd6 30. Rc1 Kf7 31. Rc4 Nb2 32. Rc8 e6 33. Rc6 Ke7 34. Nc5 f5 1-0

[Event "Petroupoli op 10th"]
[Site "Petroupoli"]
[Date "2012.10.06"]
[Round "1"]
[White "Mavroudis, Dionisios"]
[Black "Papadopoulos, Petros"]
[Result "1-0"]
[WhiteElo "1594"]
[BlackElo "1005"]
[PlyCount "85"]
[EventDate "2012.10.06"]
[EventType "swiss"]
[EventRounds "7"]
[EventCountry "GRE"]
[SourceTitle "EXT 2013"]
[Source "ChessBase"]
[SourceDate "2012.11.22"]
[SourceVersion "1"]
[SourceVersionDate "2012.11.22"]
[SourceQuality "1"]

1. b3 e5 2. Bb2 f6 3. e3 d5 4. c4 c6 5. Nc3 Be6 6. cxd5 cxd5 7. Rc1 Nc6 8. a3 Qb6 9. b4 0-0-0 10. Na4 Qc7 11. b5 Qd6 12. bxc6 bxc6 13. Ba6+ Kd7 14. Nc5+ Ke7 15. Nb7 Qb8 16. Nxd8 Kxd8 17. Rxc6 Bd7 18. Rc2 Ba4 19. Rc8+ Qxc8 20. Qxa4 Qb8 21. Qa5+ Ke7 22. Bb5 Kf7 23. Ne2 Bd6 24. 0-0 Ne7 25. Bc3 Rc8 26. Bb4 Bc7 27. Qa4 d4 28. exd4 exd4 29. g3 Nd5 30. Bc4 Ke6 31. Nxd4+ Ke5 32. Nc6+ Ke6 33. Re1+ Be5 34. d4 Qb7 35. dxe5 Rxc6 36. exf6+ Kxf6 37. Bxd5 Rc1 38. Bxb7 Rc4 39. Qa6+ Kf5 40. Qe6+ Kg5 41. Be7+ Kh5 42. Bf3+ Rg4 43. Bxg4# 1-0

[Event "Petroupoli op 5th"]
[Site "Petroupoli"]
[Date "2012.09.29"]
[Round "7"]
[White "Mavroudis, Dionisios"]
[Black "Kokkota, Eleni"]
[Result "0-1"]
[WhiteElo "1615"]
[BlackElo "1445"]
[PlyCount "64"]
[EventDate "2012.09.08"]
[EventType "swiss"]
[EventRounds "7"]
[EventCountry "GRE"]
[SourceTitle "CBM 150 Extra"]
[Source "ChessBase"]
[SourceDate "2012.10.19"]
[SourceVersion "1"]
[SourceVersionDate "2012.10.19"]
[SourceQuality "1"]

1. b3 d5 2. e3 c5 3. Bb2 Nc6 4. h3 e5 5. Bb5 Qc7 6. Nf3 Bd6 7. Bxc6+ bxc6 8. 0-0 Nf6 9. c4 Bf5 10. d3 h6 11. Na3 a6 12. d4 cxd4 13. exd4 e4 14. Ne5 Nd7 15. f4 h5 16. cxd5 cxd5 17. Rc1 Qa5 18. Nc6 Qb6 19. Nc2 Bxh3 20. gxh3 Qxc6 21. Ne3 Qb7 22. Qe1 g6 23. f5 g5 24. f6 Bf4 25. Rc2 Nxf6 26. Nf5 Qd7 27. Qc3 0-0 28. Rxf4 gxf4 29. Rg2+ Kh7 30. Rg7+ Kh8 31. Ba3 Rg8 32. Be7 Qxf5 0-1

[Event "Petroupoli op 5th"]
[Site "Petroupoli"]
[Date "2012.09.08"]
[Round "1"]
[White "Koutsounis, Vasilios"]
[Black "Mavroudis, Dionisios"]
[Result "0-1"]
[WhiteElo "1402"]
[BlackElo "1615"]
[PlyCount "86"]
[EventDate "2012.09.08"]
[EventType "swiss"]
[EventRounds "7"]
[EventCountry "GRE"]
[SourceTitle "CBM 150 Extra"]
[Source "ChessBase"]
[SourceDate "2012.10.19"]
[SourceVersion "1"]
[SourceVersionDate "2012.10.19"]
[SourceQuality "1"]

1. Nf3 b6 2. g3 Bb7 3. Bg2 e5 4. d3 d6 5. e4 h6 6. 0-0 Nf6 7. Nbd2 Nbd7 8. Re1 Be7 9. b3 c5 10. c4 0-0 11. Bb2 a6 12. a4 Nb8 13. h3 Nc6 14. Bc3 Nb4 15. Bxb4 cxb4 16. Nh2 Nd7 17. Ndf3 Nc5 18. Ng4 f5 19. exf5 Rxf5 20. Ne3 Rf7 21. Nd5 Bxd5 22. cxd5 Bf6 23. Rb1 Re7 24. Nh4 Bxh4 25. gxh4 Rf7 26. d4 exd4 27. Qxd4 a5 28. Qc4 Qf6 29. Rf1 Qc3 30. Qb5 Nxb3 31. Qxb6 Qc5 32. Qxc5 Nxc5 33. Rfe1 Nxa4 34. Re6 Rf6 35. Ra1 Nc5 36. Re7 a4 37. Bf1 b3 38. Rb1 a3 39. Bc4 a2 40. Ra1 b2 41. Rxa2 b1Q+ 42. Kg2 Rxa2 43. Bxa2 Qxa2 0-1

[Event "Petroupoli op 4th"]
[Site "Petroupoli"]
[Date "2012.05.09"]
[Round "4"]
[White "Panagiotakos, Petros"]
[Black "Mavroudis, Dionisios"]
[Result "1-0"]
[WhiteElo "1898"]
[BlackElo "1650"]
[PlyCount "97"]
[EventDate "2012.04.28"]
[EventType "swiss"]
[EventRounds "7"]
[EventCountry "GRE"]
[SourceTitle "CBM 148 Extra"]
[Source "ChessBase"]
[SourceDate "2012.06.22"]
[SourceVersion "1"]
[SourceVersionDate "2012.06.22"]
[SourceQuality "1"]

1. c4 c5 2. Nc3 Nc6 3. g3 e5 4. Bg2 Nf6 5. e3 Be7 6. Nge2 0-0 7. 0-0 d6 8. d4 exd4 9. exd4 cxd4 10. Nxd4 Ne5 11. b3 a6 12. h3 Rb8 13. Be3 Bd7 14. Qd2 b5 15. f4 Ng6 16. cxb5 axb5 17. Nc6 Bxc6 18. Bxc6 b4 19. Ne4 Nxe4 20. Bxe4 Bf6 21. Rad1 Qe7 22. Bg2 Bc3 23. Qd3 Rfe8 24. Bf2 Qe2 25. a4 Qa2 26. Bd5 Ne7 27. Bc4 Red8 28. Qe4 d5 29. Qxe7 Re8 30. Qc5 dxc4 31. Qxc4 g6 32. Rd7 Rf8 33. Bc5 Rbc8 34. Qd5 Rxc5 35. Qxc5 Qxb3 36. a5 Qe6 37. Rd3 Rc8 38. f5 Qa6 39. Qd5 b3 40. fxg6 Qxg6 41. Rxc3 Rxc3 42. Qd8+ Kg7 43. Qd4+ Kh6 44. Qxc3 b2 45. Qxb2 Qxg3+ 46. Qg2 Qe3+ 47. Kh1 Qe5 48. a6 Qa5 49. Rf6+ 1-0

[Event "Petroupoli op"]
[Site "Petroupoli"]
[Date "2012.02.01"]
[Round "6"]
[White "Grapsas, Panagiotis"]
[Black "Mavroudis, Dionisios"]
[Result "0-1"]
[WhiteElo "1499"]
[BlackElo "1644"]
[PlyCount "78"]
[EventDate "2012.01.14"]
[EventType "swiss"]
[EventRounds "7"]
[EventCountry "GRE"]
[SourceTitle "EXT 2013"]
[Source "ChessBase"]
[SourceDate "2012.11.22"]
[SourceVersion "1"]
[SourceVersionDate "2012.11.22"]
[SourceQuality "1"]

1. e4 e6 2. d4 c5 3. c3 b6 4. Nf3 d6 5. Bd3 Nf6 6. Bg5 h6 7. Bh4 Qc7 8. 0-0 Bb7 9. Re1 Nbd7 10. e5 dxe5 11. dxe5 Nd5 12. Bg3 0-0-0 13. Nbd2 g5 14. Nc4 Nf4 15. Re3 b5 16. Nd6+ Bxd6 17. exd6 Qb6 18. Be4 Bxe4 19. Rxe4 Nf6 20. Rxf4 gxf4 21. Bxf4 Nh5 22. Ne5 Nxf4 23. Qf3 Nd5 24. Qxf7 Qxd6 25. Ng6 Rd7 26. Nxh8 Rxf7 27. Nxf7 Qf4 28. Nh8 Qf6 29. Re1 Nf4 30. Re4 e5 31. Nf7 Qxf7 32. Rxe5 Nd3 33. Re2 Qf4 34. h3 Qc1+ 35. Kh2 Qf1 36. Re8+ Kd7 37. Rh8 Nf4 38. Rh7+ Ke6 39. Kg3 Qd3+ 0-1

[Event "Petroupoli op"]
[Site "Petroupoli"]
[Date "2012.01.28"]
[Round "5"]
[White "Mavroudis, Dionisios"]
[Black "Hrysogelou, Athanasia Panagiota"]
[Result "1-0"]
[WhiteElo "1644"]
[BlackElo "1330"]
[PlyCount "53"]
[EventDate "2012.01.14"]
[EventType "swiss"]
[EventRounds "7"]
[EventCountry "GRE"]
[SourceTitle "EXT 2013"]
[Source "ChessBase"]
[SourceDate "2012.11.22"]
[SourceVersion "1"]
[SourceVersionDate "2012.11.22"]
[SourceQuality "1"]

1. b3 e5 2. Bb2 Nc6 3. e3 Nf6 4. h3 d5 5. Bb5 Bd6 6. Nf3 Qe7 7. Bxc6+ bxc6 8. 0-0 0-0 9. d3 h6 10. c4 Bf5 11. c5 Bxc5 12. Nxe5 Qe6 13. g4 Bg6 14. d4 Be7 15. Nd2 h5 16. Rc1 c5 17. dxc5 h4 18. f4 Be4 19. f5 Qa6 20. Nxe4 dxe4 21. g5 Rfd8 22. Qc2 Nd5 23. f6 gxf6 24. gxf6 Bxf6 25. Qxe4 Kh8 26. Nxf7+ Kg8 27. Qg6+ 1-0

[Event "Petroupoli op"]
[Site "Petroupoli"]
[Date "2012.01.25"]
[Round "4"]
[White "Papathanasopoulos, Nikolaos"]
[Black "Mavroudis, Dionisios"]
[Result "1-0"]
[WhiteElo "1671"]
[BlackElo "1644"]
[PlyCount "71"]
[EventDate "2012.01.14"]
[EventType "swiss"]
[EventRounds "7"]
[EventCountry "GRE"]
[SourceTitle "EXT 2013"]
[Source "ChessBase"]
[SourceDate "2012.11.22"]
[SourceVersion "1"]
[SourceVersionDate "2012.11.22"]
[SourceQuality "1"]

1. Nf3 d6 2. d4 c5 3. e3 Nf6 4. Bd3 a6 5. 0-0 e6 6. b3 Be7 7. Bb2 b5 8. Qe2 Nc6 9. dxc5 dxc5 10. Rd1 Qc7 11. a4 b4 12. Nbd2 0-0 13. Nc4 Bb7 14. Rac1 Nd5 15. Nfd2 Nc3 16. Bxc3 bxc3 17. Ne4 Ne5 18. Nxc3 Nxd3 19. Rxd3 Rad8 20. Rcd1 Bf6 21. a5 Rxd3 22. Rxd3 Rd8 23. Qd1 Rxd3 24. Qxd3 h6 25. Na4 Bc6 26. Nab6 Bb5 27. Qd6 Qb7 28. Qxc5 Qe4 29. Nd6 Qg4 30. f3 Qg5 31. Nxb5 axb5 32. a6 b4 33. a7 Bc3 34. a8Q+ Kh7 35. Qe4+ f5 36. Qd3 1-0

[Event "Petroupoli op"]
[Site "Petroupoli"]
[Date "2012.01.18"]
[Round "2"]
[White "Hristodoulaki, Antonia"]
[Black "Mavroudis, Dionisios"]
[Result "1-0"]
[WhiteElo "1941"]
[BlackElo "1644"]
[PlyCount "95"]
[EventDate "2012.01.14"]
[EventType "swiss"]
[EventRounds "7"]
[EventCountry "GRE"]
[SourceTitle "EXT 2013"]
[Source "ChessBase"]
[SourceDate "2012.11.22"]
[SourceVersion "1"]
[SourceVersionDate "2012.11.22"]
[SourceQuality "1"]

1. c4 c5 2. Nc3 Nc6 3. Nf3 d6 4. g3 g6 5. Bg2 Bg7 6. 0-0 Nf6 7. d3 a6 8. Ne1 0-0 9. Nc2 Rb8 10. Bd2 Bd7 11. a4 e5 12. e4 Qc8 13. f4 Bh3 14. Ne3 Bxg2 15. Nxg2 Qh3 16. Ne3 exf4 17. Rxf4 Ne5 18. Qe2 g5 19. Rf5 g4 20. Kh1 Nf3 21. Nxg4 Nd4 22. Nxf6+ Bxf6 23. Qh5 Qxh5 24. Rxh5 Bg7 25. Bf4 Rbd8 26. Rd5 Nc2 27. Rd1 Nb4 28. Rxd6 Rxd6 29. Bxd6 Rc8 30. e5 b6 31. Nd5 Nxd5 32. cxd5 c4 33. Rc1 b5 34. axb5 axb5 35. Kg2 Bh6 36. Rc2 Be3 37. dxc4 bxc4 38. Kf3 Ba7 39. Ke4 Kg7 40. Bb4 Kg6 41. d6 f5+ 42. Kd5 Rb8 43. Rxc4 Rb5+ 44. Ke6 Bb6 45. Bc3 Bd8 46. Rc8 Ba5 47. Bxa5 Rxa5 48. d7 1-0

[Event "Nikaia op 15th"]
[Site "Nikaia"]
[Date "2007.08.23"]
[Round "1"]
[White "Mavroudis, Dionisios"]
[Black "Kounalakis, Evryklis"]
[Result "0-1"]
[WhiteElo "1836"]
[BlackElo "2132"]
[PlyCount "154"]
[EventDate "2007.08.23"]
[EventType "swiss"]
[EventRounds "9"]
[EventCountry "GRE"]
[SourceTitle "CBM 120 Extra"]
[Source "ChessBase"]
[SourceDate "2007.11.01"]
[SourceVersion "1"]
[SourceVersionDate "2007.11.01"]
[SourceQuality "1"]

1. c4 c6 2. Nc3 d5 3. cxd5 cxd5 4. d4 Nc6 5. e3 Nf6 6. h3 e6 7. Nf3 a6 8. a3 Bd6 9. b4 0-0 10. Bb2 Bd7 11. Be2 b5 12. 0-0 Rc8 13. Rc1 Bb8 14. Bd3 Qe7 15. Re1 Rfd8 16. Ne2 a5 17. Bxb5 axb4 18. Qa4 bxa3 19. Bxa3 Qe8 20. Rc2 Nxd4 21. Bxd7 Nxf3+ 22. gxf3 Qxd7 23. Qxd7 Nxd7 24. Rec1 Rxc2 25. Rxc2 Ne5 26. Kg2 Nc4 27. Bc1 Nd6 28. Nd4 Rc8 29. Nc6 Rc7 30. Ba3 Nc4 31. Nxb8 Nxe3+ 32. fxe3 Rxc2+ 33. Kg3 Rc3 34. Bd6 Rxe3 35. Nc6 f6 36. Kf2 Rc3 37. Nd4 Kf7 38. Ne2 Rc6 39. Ba3 e5 40. f4 Ke6 41. Bf8 Rc7 42. fxe5 fxe5 43. Ke3 Rb7 44. Kd3 Rf7 45. Bb4 Rf3+ 46. Kd2 Rxh3 47. Bf8 g6 48. Bc5 h5 49. Be3 Kf5 50. Bh6 g5 51. Nc3 d4 52. Ne2 Rf3 53. Ng1 Rb3 54. Ne2 Rb8 55. Bg7 Rg8 56. Ng3+ Kg4 57. Bxe5 Re8 58. Bc7 Re7 59. Bb8 Rb7 60. Bd6 Rb2+ 61. Ke1 h4 62. Ne4 h3 63. Nf2+ Kh4 64. Be5 Rc2 65. Nh1 Rc1+ 66. Kf2 Rxh1 67. Bxd4 Rb1 68. Be5 Kg4 69. Bd6 Rb2+ 70. Kg1 Kf3 71. Kh1 g4 72. Bc5 g3 73. Bg1 Rc2 74. Ba7 Rc1+ 75. Bg1 g2+ 76. Kh2 Rxg1 77. Kxg1 h2+ 0-1